RMS Titanic Disaster: 20 Questions - Statistics

General Stats
  • This quiz has been taken 180 times
  • The average score is 13 of 20
Answer Stats
Hint Answer % Correct
Number of victims of the disaster (to the nearest hundred) 1500
96%
How many people were on board (to the nearest hundred)? 2200
93%
Number of survivors of the disaster (to the nearest hundred) 700
93%
Who was the Titanic's captain? Edward J Smith
89%
How many of the above three survived? 1 (Ismay)
87%
Who was the Titanic's owner? J Bruce Ismay
85%
What day did the ship strike the iceberg, or what day did it finish sinking? April 14 or April 15
84%
What ship picked up the survivors? RMS Carpathia
81%
Who was the richest man aboard? John Jacob Astor
76%
Who directed the 1997 blockbuster Titanic, and dove to the wreck site later on? James Cameron
73%
Lastly, what year did the ship sink? 1912
72%
Of the first class travelers, second class travelers, third class travelers, and crew, which demographic had the highest losses? (Both proportionately and in raw numbers) Crew
71%
Who was the Titanic's first officer, overseeing the starboard boats' launching? (He died) William Murdoch
68%
Who was the Titanic's second officer, overseeing the port boats' launching? (He survived) Charles Lightoller
57%
What was that book, and the 1958 movie of the same name that followed, called? A Night to Remember
52%
Who was the oceanographer that found the Titanic's wreck in 1985? Robert Ballard
43%
Who was the last (and longest lived) survivor of the Titanic, who died in 2009? Millivina Dean
17%
Who wrote a book in the 1950s which sparked renewed public interest in the disaster? Walter Lord
16%
Who led the U.S. inquiry into the disaster? Senator William Alden Smith
14%
Who led the British inquiry? Lord Mersey
12%
No matching quizzes found
Score Distribution
Percent of People with Each Score
Percentile by Number Answered
Your Score History
You have not taken this quiz